[Event "Match"]
[Site "www.echecsemail.com"]
[Date "2016.06.10"]
[Round "1"]
[White "Jhzes"]
[Black "Irene"]
[WhiteElo "1809"]
[BlackElo "2090"]
[Result "1-0"]
[Round "1"]
1.Nb1c3 e5
2.Ng1f3 Nb8c6
3.e3 d6
4.d4 exd4
5.exd4 Qd8f6
6.Bc1g5 Qf6g6
7.Nc3d5 Qg6e6
8.Qd1e2 Kd7
9.Qe2xe6 fxe6
10.Nd5e3 h6
11.Bg5h4 g5
12.Bh4xg5 hxg5
13.Nf3xg5 Bf8g7
14.c3 Bg7h6
15.Ng5f7  { time }
1-0

[Event "Match"]
[Site "www.echecsemail.com"]
[Date "2016.06.10"]
[Round "1"]
[White "Ditto"]
[Black "Genius4"]
[WhiteElo "1650"]
[BlackElo "1720"]
[Result "1-0"]
[Round "1"]
1.e4 c5
2.Bf1c4 e6
3.Ng1f3 a6
4.d3 Nb8c6
5.Bc1f4 d5
6.exd5 exd5
7.Bc4b3 Ng8f6
8.O-O Bf8e7
9.Nb1d2 O-O
10.Rf1e1 b5
11.a3 Bc8b7
12.c3 c4
13.dxc4 dxc4
14.Bb3a2 Be7d6
15.Bf4g5 h6
{ time. }
1-0

[Event "Match"]
[Site "www.echecsemail.com"]
[Date "2016.06.10"]
[Round "1"]
[White "Genius4"]
[Black "Guidom"]
[WhiteElo "1720"]
[BlackElo "2040"]
[Result "0-1"]
[Round "1"]
1.b3 d5
2.f4 Nb8c6
3.e3 Ng8f6
4.Bc1b2 d4
5.exd4 Nc6xd4
6.Ng1f3 Nd4xf3
7.Qd1xf3 e6
8.Bf1b5 c6
9.Bb5e2 Bf8c5
10.Nb1c3 Bc8d7
11.O-O-O O-O
12.d4 Bc5b6
13.g4 Nf6d5
14.Nc3xd5 cxd5
15.Be2d3 Bd7c6
16.g5 g6
17.h4 f5
18.h5 Kg7
19.hxg6 { time. }
0-1

[Event "1/64 Finale"]
[Site "www.chess-mail.com"]
[Date "2016.06.10"]
[Round "1"]
[White "Yangqi"]
[Black "Ssharp"]
[WhiteElo "2660"]
[BlackElo "2220"]
[Result "1-0"]
[Round "1"]
1.e4 e6
2.d4 d5
3.Nb1c3 Bf8b4
4.exd5 exd5
5.Qd1f3 Qd8e7
6.Ng1e2 Nb8c6
7.Qf3d3 Bc8g4
8.a3 Bg4xe2
9.Bf1xe2 Bb4xc3
10.Qd3xc3 Ng8f6
11.O-O O-O
12.Bc1e3 Qe7d6
13.f3 Nc6e7
14.Be2d3 c6
15.Qc3b4 Qd6xb4
16.axb4 Nf6d7
17.Be3g5 f6
18.Rf1e1 Rf8e8
19.Bg5f4 g6
20.b5 cxb5
21.Bd3xb5 Ne7c6
22.Re1xe8 Ra8xe8
23.Bb5xc6 bxc6
24.Ra1xa7 { resign }
1-0

[Event "Tourn. n8780"]
[Site "www.chess-mail.com"]
[Date "2016.06.11"]
[Round "1"]
[White "Masterchess"]
[Black "Viru"]
[WhiteElo "1800"]
[BlackElo "1819"]
[Result "0-1"]
[Round "1"]
1.e4 e5
2.Ng1f3 Nb8c6
3.Bf1b5 f6
4.d4 Nc6xd4
5.Nf3xd4 exd4
6.O-O c5
7.c3 a6
8.Bb5d3 d5
9.cxd4 cxd4
10.exd5 Qd8xd5
 { time }
0-1

[Event "Tourn. n8765"]
[Site "www.chess-mail.com"]
[Date "2016.06.11"]
[Round "1"]
[White "Romaamor69"]
[Black "Milkyway"]
[WhiteElo "2119"]
[BlackElo "2070"]
[Result "1-0"]
[Round "1"]
1.c4 f5
2.g3 Ng8f6
3.Bf1g2 g6
4.Nb1c3 Bf8g7
5.d3 d6
6.Ng1f3 e5
7.O-O O-O
8.Bc1e3 Nb8c6
9.Qd1d2 Qd8e7
10.Ra1c1 Bc8e6
11.Nf3g5 Be6d7
12.Nc3d5 Nf6xd5
13.cxd5 Nc6d8
14.Rc1xc7 Ra8c8
15.Rc7xc8 Bd7xc8
16.Rf1c1 b6
{ time. }
1-0

[Event "Tourn. n8617"]
[Site "www.chess-mail.com"]
[Date "2016.06.11"]
[Round "1"]
[White "Nimzo"]
[Black "Starwind"]
[WhiteElo "2790"]
[BlackElo "2360"]
[Result "1/2-1/2"]
[Round "1"]
1.d4 Ng8f6
2.c4 e6
3.Ng1f3 d5
4.g3 c5
5.cxd5 exd5
6.Bf1g2 Nb8c6
7.O-O Bf8e7
8.Nb1c3 O-O
9.Bc1g5 cxd4
10.Nf3xd4 h6
11.Bg5e3 Rf8e8
12.Ra1c1 Be7f8
13.Qd1b3 Nc6a5
14.Qb3c2 Bc8g4
15.h3 Bg4d7
16.Qc2d3 Ra8c8
17.g4 Na5c4
18.Nc3xd5 Nf6xd5
19.Bg2xd5 Nc4xe3
20.fxe3 Qd8h4
21.e4 Rc8xc1
22.Bd5xf7 Kh8
23.Rf1xc1 Re8d8
24.Kg2 Bf8d6
25.Bf7e6 Qh4g5
26.Rc1h1 Bd6c7
27.Nd4f3 Qg5f4
28.Be6xd7 Qf4g3
29.Kf1 Bc7b6
30.Nf3d4 Qg3xd3
31.exd3 Rd8xd7
32.Nd4f3 Rd7xd3
33.Kg2 g5
34.h4 gxh4
35.Rh1xh4 { draw }
1/2-1/2

[Event "Tourn. n8727"]
[Site "www.chess-mail.com"]
[Date "2016.06.11"]
[Round "1"]
[White "Falcoale"]
[Black "Genius3"]
[WhiteElo "1740"]
[BlackElo "1680"]
[Result "1-0"]
[Round "1"]
1.e4 d6
2.d4 g6
3.Ng1f3 Bf8g7
4.Bc1e3 Ng8f6
5.Nb1c3 O-O
6.Bf1d3 Nf6g4
7.Be3d2 c5
8.h3 cxd4
9.Nc3e2 Ng4e5
10.Nf3xe5 dxe5
11.O-O Nb8c6
12.Qd1c1 Bc8e6
13.f4 f6
14.a3 Ra8c8
15.f5 Be6f7
16.Qc1b1 a6
17.Qb1c1 b5
18.Bd2h6 Bf7c4
19.Bh6xg7 Kxg7
20.Qc1d2  { time }
1-0

[Event "Tourn. n8764"]
[Site "www.chess-mail.com"]
[Date "2016.06.11"]
[Round "1"]
[White "Antuan72"]
[Black "Claudia"]
[WhiteElo "1940"]
[BlackElo "1830"]
[Result "0-1"]
[Round "1"]
1.e4 c5
2.Nb1c3 Nb8c6
3.f4 d6
4.Ng1f3 e6
5.Bf1b5 Bc8d7
6.O-O a6
7.Bb5xc6 Bd7xc6
8.d3 Ng8f6
9.b3 Bf8e7
10.Bc1b2 O-O
11.Rf1e1 Qd8c7
 { time }
0-1

[Event "Tourn. n8714"]
[Site "www.chess-mail.com"]
[Date "2016.06.11"]
[Round "1"]
[White "Prize64"]
[Black "Mars91"]
[WhiteElo "2270"]
[BlackElo "2020"]
[Result "1-0"]
[Round "1"]
1.e4 d6
2.d4 Ng8f6
3.Nb1c3 g6
4.Bc1g5 h6
5.Bg5h4 Bf8g7
6.f3 O-O
7.Ng1e2 c6
8.Qd1d2 Qd8a5
9.O-O-O b5
10.e5 dxe5
11.dxe5 Nf6d7
12.e6 Nd7f6
13.exf7 Rf8xf7
14.a3 Bc8b7
15.Ne2d4 Nb8d7
16.Nd4b3 Qa5b6
17.Bf1d3 Nd7e5
18.Bd3e2 a5
19.Rh1f1 g5
20.Bh4f2 Qb6c7
21.Nb3c5 Bb7c8
22.Nc3e4 Nf6xe4
23.Nc5xe4 b4
24.Qd2d8 Qc7xd8
{ time. }
1-0

[Event "Tourn. n8664"]
[Site "www.chess-mail.com"]
[Date "2016.06.11"]
[Round "1"]
[White "Falcoale"]
[Black "Ditto"]
[WhiteElo "1760"]
[BlackElo "1620"]
[Result "0-1"]
[Round "1"]
1.e4 e5
2.Ng1f3 Nb8c6
3.Bf1c4 Ng8f6
4.d3 Bf8c5
5.O-O O-O
6.Nb1c3 d6
7.Bc1g5 h6
8.Bg5h4 Bc8g4
9.h3 Bg4h5
10.g4 Bh5g6
11.Nc3e2 Nc6b8
12.Ne2g3 Nb8d7
13.a3 c6
14.g5 hxg5
15.Bh4xg5 Qd8b6
16.b4 Bc5d4
17.Nf3xd4 Qb6xd4
18.Qd1d2 Nf6h7
19.c3 Qd4b6
20.Bg5e7 Rf8e8
21.Be7xd6 Nd7f6
22.Ra1b1 Ra8d8
23.Bd6c5 Qb6c7
24.Bc5xa7 b6
25.Ba7xb6 Qc7xb6
26.a4 Rd8a8
27.a5 Qb6c7
28.b5 cxb5
29.Rb1xb5 Ra8xa5
30.Qd2b2 Nf6d7
31.Rb5b7 Qc7d8
32.Qb2b3 Nd7c5
33.Qb3b1 Nc5xb7
34.Qb1xb7 Nh7g5
35.f4 Ng5xh3
36.Kg2 Qd8h4
37.f5 Nh3f4
38.Kf2 Qh4h2
39.Kf3 Qh2g2
40.Kg4 Bg6h5
41.Kh4 Qg2h3
{ resign }
0-1

[Event "Tourn. n8698"]
[Site "www.chess-mail.com"]
[Date "2016.06.11"]
[Round "1"]
[White "Milkyway"]
[Black "Piekki"]
[WhiteElo "2159"]
[BlackElo "2070"]
[Result "0-1"]
[Round "1"]
1.e4 d6
2.d4 Ng8f6
3.Nb1c3 g6
4.g3 Bf8g7
5.Bf1g2 O-O
6.Ng1e2 e5
7.O-O Nb8c6
8.d5 Nc6e7
9.h3 Nf6e8
10.f4 f5
11.exf5 Ne7xf5
12.Kh2 exf4
13.Bc1xf4 Ne8f6
14.Qd1d2 Qd8e7
15.Ra1e1 Qe7f7
16.Ne2g1 Bc8d7
17.Bg2f3 Ra8e8
18.Re1xe8 Rf8xe8
19.Rf1e1 Re8xe1
20.Qd2xe1 Nf5d4
21.Qe1d1 Bd7f5
22.Bf4e3 Nd4xc2
23.Be3f2 Nc2b4
24.a3 Nb4a6
25.Kg2 Na6c5
26.Bf2xc5 { time. }
0-1

[Event "Tourn. n8758"]
[Site "www.chess-mail.com"]
[Date "2016.06.11"]
[Round "1"]
[White "Osopanda"]
[Black "Attatroll"]
[WhiteElo "1940"]
[BlackElo "1940"]
[Result "1-0"]
[Round "1"]
1.c4 e5
2.Nb1c3 Ng8f6
3.g3 Bf8c5
4.e3 O-O
5.Bf1g2 c6
6.Ng1e2 d6
7.d4 exd4
8.exd4 Bc5b4
9.O-O Nb8d7
10.a3 Bb4xc3
11.bxc3 Rf8e8
12.Ne2f4 Nd7b6
13.Qd1d3 Bc8d7
14.Bc1e3 g6
15.d5 c5
16.Ra1e1 Bd7f5
17.Qd3e2 Nf6e4
18.g4 Bf5d7
19.f3 Ne4xc3
20.Qe2c2 Nb6a4
21.Be3f2 Qd8g5
22.Bf2g3 Re8xe1
23.Rf1xe1 Ra8e8
24.Re1xe8 Bd7xe8
25.h4 Qg5e5
26.Kh2 Qe5e3
27.h5 Be8d7
28.hxg6 hxg6
29.Nf4xg6 Bd7xg4
30.Bg3f4 Qe3e1
31.fxg4 fxg6
32.Qc2xg6 Kh8
33.Bf4g5 Qe1e5
34.Kh3 Nc3e4
35.Bg2xe4 Qe5c3
36.Kh4 Qc3e1
37.Kh5 { resign }
1-0

[Event "Tourn. n8806"]
[Site "www.chess-mail.com"]
[Date "2016.06.11"]
[Round "1"]
[White "Daquata"]
[Black "Sportuga"]
[WhiteElo "1690"]
[BlackElo "1499"]
[Result "0-1"]
[Round "1"]
1.e4 d6
2.d4 Ng8f6
3.Nb1c3 g6
4.Ng1f3 Bf8g7
5.Bf1e2 O-O
6.O-O c6
7.Rf1e1 Nb8d7
8.Bc1f4 a6
9.Be2c4 Nd7b6
10.Qd1d2 Nb6xc4
{ resign }
0-1

[Event "Tourn. n8768"]
[Site "www.chess-mail.com"]
[Date "2016.06.11"]
[Round "1"]
[White "Picifarkinca"]
[Black "Libiesse"]
[WhiteElo "1780"]
[BlackElo "1900"]
[Result "1-0"]
[Round "1"]
1.e4 c5
2.Ng1f3 e6
3.c4 Nb8c6
4.d4 cxd4
5.Nf3xd4 Ng8f6
6.Nb1c3 Qd8a5
7.Nd4b3 Qa5e5
8.f4 Qe5b8
9.e5 Nc6xe5
10.fxe5 Qb8xe5
11.Bf1e2 Bf8b4
12.Qd1d4 Qe5xd4
13.Nb3xd4 Bb4xc3
14.bxc3 Ke7
15.Be2f3 Rh8d8
16.Bc1a3 d6
17.Ra1d1 a6
18.O-O g5
19.Rf1e1 g4
20.Bf3e4 Nf6xe4
21.Re1xe4 h5
22.Re4e5 { resign }
1-0

[Event "Tourn. n8781"]
[Site "www.chess-mail.com"]
[Date "2016.06.11"]
[Round "1"]
[White "Masterchess"]
[Black "Viru"]
[WhiteElo "1800"]
[BlackElo "1840"]
[Result "0-1"]
[Round "1"]
1.e4 e5
2.Ng1f3 Nb8c6
3.Bf1b5 Qd8f6
4.Nb1c3 Nc6d4
5.Bb5e2 c6
6.d3 Bf8c5
7.O-O Ng8h6
8.Nf3xd4 Bc5xd4
9.Be2f3 d6
10.Nc3e2 Bc8h3
11.Ne2xd4 Bh3xg2
12.Bf3xg2 exd4
13.Bc1xh6 gxh6
 { time }
0-1

[Event "Tourn. n8783"]
[Site "www.chess-mail.com"]
[Date "2016.06.11"]
[Round "1"]
[White "Gatrooper"]
[Black "Daquata"]
[WhiteElo "1490"]
[BlackElo "1730"]
[Result "0-1"]
[Round "1"]
1.e4 c5
2.d3 Nb8c6
3.Ng1f3 d6
4.a3 Ng8f6
5.Nb1c3 g6
6.h3 Bf8g7
7.Bc1e3 O-O
8.Be3g5 h6
9.Bg5xf6 Bg7xf6
10.Nc3d5 Bf6xb2
11.Ra1b1 Bb2xa3
12.Bf1e2 e6
13.Nd5f4 Ba3b4
14.Nf3d2 Qd8a5
15.O-O Bb4xd2
16.Rb1a1 Qa5c3
17.g3 Bd2xf4
18.gxf4 Nc6d4
19.Ra1a2 Bc8d7
20.Qd1c1 Nd4xe2
21.Kh1 Ne2xc1
22.Rf1xc1 Qc3d2
23.Ra2a1 Qd2xf2
24.Rc1f1 Qf2xc2
25.Ra1c1 Qc2xd3
26.Rc1d1 Qd3xe4
27.Kg1 Bd7c6
28.Kf2 Qe4xf4
29.Ke1 Qf4e3
{ resign }
0-1

[Event "Tourn. n8701"]
[Site "www.chess-mail.com"]
[Date "2016.06.11"]
[Round "1"]
[White "Yangqi"]
[Black "Mrfunk"]
[WhiteElo "2640"]
[BlackElo "2410"]
[Result "0-1"]
[Round "1"]
1.d4 Ng8f6
2.c4 g6
3.g3 Bf8g7
4.Bf1g2 O-O
5.Nb1c3 d6
6.e4 c5
7.d5 Nb8d7
8.Ng1f3 Nf6g4
9.O-O Ng4e5
10.Nf3d2 a6
11.Qd1e2 b5
12.a4 Ne5xc4
13.axb5 Nc4a5
14.Nd2f3 Qd8b6
15.Bc1g5 Na5b3
16.Ra1a3 Nb3d4
17.Qe2d2 Rf8e8
18.Bg5h6 Nd7e5
19.Nf3xe5 Bg7xe5
20.f4 Be5f6
21.e5 Bf6h8
22.Rf1e1 Ra8b8
23.bxa6 Bc8xa6
24.Qd2f2 Ba6c8
25.Ra3a2 Nd4f5
26.Bh6g5 h6
27.Bg5h4 dxe5
28.fxe5 g5
29.Bg2h3 Nf5d4
30.Bh3xc8 Re8xc8
31.Kh1 Qb6b7
32.Qf2g2 Rc8d8
33.Re1e3 Nd4b5
34.Nc3xb5 Qb7xb5
35.e6 Qb5c4
36.exf7 Kf8
37.d6 Qc4c1
38.Qg2g1 Qc1xg1
39.Kxg1 exd6
40.Bh4xg5 hxg5
{ resign }
0-1

[Event "Tourn. n8701"]
[Site "www.chess-mail.com"]
[Date "2016.06.11"]
[Round "1"]
[White "Milkyway"]
[Black "Yangqi"]
[WhiteElo "2269"]
[BlackElo "2640"]
[Result "0-1"]
[Round "1"]
1.d4 Ng8f6
2.Bc1f4 d6
3.e3 g6
4.Nb1d2 Bf8g7
5.c3 O-O
6.Ng1f3 Nb8d7
7.Bf1e2 c5
8.h3 b6
9.O-O Bc8b7
10.Bf4g3 Ra8c8
11.Be2d3 Rf8e8
12.Rf1e1 e5
13.dxe5 dxe5
14.e4 Qd8c7
15.Qd1e2 Nf6h5
16.Bg3h2 Rc8d8
17.Bd3a6 Bb7a8
18.Ba6c4 Nh5f4
19.Bh2xf4 exf4
20.Ra1d1 Re8e7
21.Qe2f1 Nd7e5
22.Nf3xe5 Bg7xe5
23.Nd2f3 Rd8xd1
24.Re1xd1 Ba8xe4
25.Nf3g5 Be4c6
26.Bc4d5 Be5f6
27.Bd5xc6 Qc7xc6
28.Ng5f3 Re7d7
29.Rd1xd7 Qc6xd7
30.Qf1e1 Kg7
31.Qe1e4 Qd7b5
32.Qe4c2 Qb5c4
33.a3 b5
34.Qc2d2 Qc4a2
35.Kh2 a5
36.Qd2e2 b4
37.axb4 cxb4
38.cxb4 axb4
39.Qe2e4 Qa2xb2
40.Qe4xf4 b3
41.h4 { time. }
0-1

[Event "Tourn. n8698"]
[Site "www.chess-mail.com"]
[Date "2016.06.11"]
[Round "1"]
[White "Tonino1"]
[Black "Milkyway"]
[WhiteElo "2210"]
[BlackElo "2159"]
[Result "1-0"]
[Round "1"]
1.d4 d5
2.Ng1f3 g6
3.e3 Bf8g7
4.Bf1d3 Ng8f6
5.b3 O-O
6.Bc1b2 Bc8g4
7.Nb1d2 Nb8d7
8.O-O c5
9.h3 Bg4xf3
10.Qd1xf3 e6
11.Ra1c1 Rf8e8
12.c4 b6
13.Bd3b1 Ra8c8
14.Rf1d1 cxd4
15.exd4 Qd8e7
16.g4 dxc4
17.Nd2xc4 Nf6d5
18.Nc4e5 Nd7xe5
19.dxe5 Bg7h6
20.Rc1c2 Rc8xc2
21.Bb1xc2 Re8d8
22.Bc2e4 Qe7c5
23.Be4xd5 Rd8xd5
24.Rd1xd5 exd5
25.e6 fxe6
26.Qf3f6 d4
27.Bb2xd4 Qc5c1
28.Kg2 Qc1c6
29.Kg3 Qc6c7
30.Bd4e5 Qc7c1
31.Qf6xe6 Kf8
32.Be5d6 Kg7
{ time. }
1-0

[Event "Tourn. n8760"]
[Site "www.chess-mail.com"]
[Date "2016.06.11"]
[Round "1"]
[White "Gatrooper"]
[Black "Pariolinius"]
[WhiteElo "1480"]
[BlackElo "1600"]
[Result "0-1"]
[Round "1"]
1.e4 c5
2.c4 Nb8c6
3.Ng1f3 e6
4.a3 Ng8f6
5.Nb1c3 Bf8e7
6.d3 O-O
7.h3 b6
8.e5 Nf6e8
9.Nc3b5 Bc8b7
10.Bf1e2 a6
11.Nb5c3 d6
12.exd6 Ne8xd6
13.Qd1c2 Nc6d4
14.Nf3xd4 cxd4
15.Nc3a2 Bb7xg2
16.Rh1g1 Bg2xh3
17.Bc1h6 Be7f6
18.O-O-O Bh3f5
19.Be2f3 Ra8c8
20.Na2b4 a5
21.Nb4a2 Rc8xc4
22.Na2c3 dxc3
23.bxc3 Rc4xc3
24.Qc2xc3 Bf6xc3
25.Kc2 Qd8f6
26.Rg1g3 Bf5g6
27.Bh6d2 Bc3xd2
28.Rd1xd2 Nd6f5
29.Rg3g2 Nf5d4
30.Kc1 Qf6xf3
31.Rg2g3 Qf3c6
32.Kd1 Bg6h5
33.Ke1 Nd4f3
34.Rg3xf3 Bh5xf3
35.d4 Qc6c1
36.Rd2d1 Qc1xd1
{ resign }
0-1

[Event "Match"]
[Site "www.echecsemail.com"]
[Date "2016.06.11"]
[Round "1"]
[White "Birya"]
[Black "Gimmyg"]
[WhiteElo "1809"]
[BlackElo "2540"]
[Result "0-1"]
[Round "1"]
1.c4 Ng8f6
2.Ng1f3 g6
3.Nb1c3 d6
4.d4 b6
5.e4 Bf8g7
6.Bf1e2 Bc8b7
7.Qd1c2 O-O
8.O-O e6
9.Rf1e1 Nb8c6
10.h3 e5
11.d5 Nc6d4
12.Qc2d3 c5
13.Be2f1 Nf6h5
14.Nc3e2 Bb7c8
15.Nf3xd4 cxd4
 { time }
0-1

[Event "Match"]
[Site "www.echecsemail.com"]
[Date "2016.06.11"]
[Round "1"]
[White "Coraza"]
[Black "Billyg"]
[WhiteElo "1740"]
[BlackElo "1550"]
[Result "1-0"]
[Round "1"]
1.e4 e5
2.Bf1c4 Ng8f6
3.d3 c6
4.Ng1f3 d5
5.exd5 Nf6xd5
6.Bc4xd5 Qd8xd5
7.Qd1e2 f6
8.Nb1c3 Qd5a5
9.Bc1d2 Bf8b4
10.Nc3e4 O-O
11.c3 Bb4e7
12.c4 Qa5c7
13.Nf3h4 f5
14.Ne4g3 Rf8e8
15.Qe2h5 g6
16.Qh5h6 Be7f8
17.Qh6g5 Qc7d6
18.O-O Bf8e7
19.Qg5h6 Qd6xd3
20.Bd2g5 Be7f8
21.Ra1d1 Qd3xf1
22.Ng3xf1 Bf8xh6
23.Bg5xh6 Nb8a6
24.Bh6d2 Re8d8
25.Nf1e3 Rd8d4
26.Nh4f3 Rd4e4
27.Nf3g5 Re4g4
28.Ne3xg4 fxg4
29.Bd2c3 Bc8f5
30.f3 Na6c5
31.fxg4 Bf5c2
32.Rd1e1 e4
33.Bc3b4 h6
34.Ng5h3 Nc5d3
35.Re1xe4 Nd3xb2
36.Re4e2 Nb2xc4
37.Re2xc2 Nc4e3
38.Rc2e2 Ne3xg4
39.Nh3f4 a5
40.Bb4d6 Kf7
41.Re2e7 Kg8
42.Nf4e6 b5
43.h3 Ng4f6
44.Ne6f4 Ra8d8
45.Bd6c7 Rd8d4
46.g3 g5
47.Nf4e6 Rd4e4
48.Bc7d8 Nf6h5
49.Ne6c5 Re4c4
50.Nc5b7 Nh5xg3
51.Nb7xa5 Rc4c2
52.Bd8c7 Ng3f5
53.Re7e6 Nf5h4
54.Re6xh6 Nh4f3
55.Kf1 Rc2xa2
56.Na5xc6 Kf7
57.Nc6b4 Ra2a4
58.Nb4c6 b4
59.Bc7e5 Ra4a6
60.Nc6d8 Kg8
61.Rh6xa6 { resign }
1-0

[Event "Match"]
[Site "www.echecsemail.com"]
[Date "2016.06.11"]
[Round "1"]
[White "Nugun"]
[Black "Jhzes"]
[WhiteElo "1810"]
[BlackElo "1809"]
[Result "0-1"]
[Round "1"]
1.c4 g6
2.Ng1f3 d6
3.Nb1c3 Nb8c6
4.e3 Bf8g7
5.Bf1e2 b6
6.O-O Nc6b4
7.d4 e6
8.e4 Bc8b7
9.e5 dxe5
10.Qd1a4 Nb4c6
11.d5 exd5
12.cxd5 Ng8e7
13.dxc6 Bb7xc6
 { time }
0-1

[Event "Match"]
[Site "www.echecsemail.com"]
[Date "2016.06.11"]
[Round "1"]
[White "Mitja"]
[Black "Bojan"]
[WhiteElo "1950"]
[BlackElo "1980"]
[Result "1-0"]
[Round "1"]
1.d4 g6
2.e3 Bf8g7
3.Ng1f3 b6
4.c3 Bc8b7
5.Nb1d2 Nb8c6
6.Nd2b3 d5
7.Qd1e2 e5
8.dxe5 Nc6xe5
9.Nf3xe5 Bg7xe5
10.Qe2b5 c6
11.Qb5e2 Ng8f6
12.h3 Nf6e4
13.Qe2c2 f5
14.Nb3d4 Qd8d6
15.Bf1d3 O-O-O
16.Nd4f3 Be5f6
17.Bd3xe4 dxe4
18.Nf3d4 Bb7a6
19.Qc2a4 Ba6b7
20.Qa4xa7 c5
21.O-O cxd4
22.cxd4 Rd8d7
23.Bc1d2 Kd8
24.a3 Ke8
25.Ra1c1 Kf7
26.Qa7a4 Rh8a8
27.Qa4b3 Kg7
28.Bd2b4 Qd6d5
29.Qb3c3 Bb7a6
30.Rf1d1 Ra8c8
31.Qc3d2 Rd7c7
32.Rc1xc7 Rc8xc7
33.Rd1c1 Rc7c4
34.Bb4c3 h5
35.Qd2d1 Kh6
36.g3 h4
37.g4 fxg4
38.Qd1xg4 Qd5g5
39.Qg4xg5 Bf6xg5
40.Kh2 Bg5e7
41.Kg2 Kh5
42.f3 exf3
43.Kxf3 Rc4c8
44.Bc3d2 Rc8f8
45.Kg2 Ba6b7
46.Kg1 Be7d6
47.Bd2b4 Bd6g3
48.Bb4xf8 g5
49.Rc1d1 Bb7f3
50.Rd1d2 Bf3d5
51.Rd2c2 g4
52.hxg4 Kxg4
53.Bf8g7 Kf3
54.Bg7h6 h3
55.Bh6f4 Bg3xf4
56.exf4 Kxf4
57.Rc2e2 Bd5e4
58.b4 Kf3
59.Re2e1 Kf4
60.Kh2 Be4g2
61.a4 Bg2c6
62.b5 Bc6g2
63.Re1e6 { resign }
1-0

[Event "Match"]
[Site "www.echecsemail.com"]
[Date "2016.06.11"]
[Round "1"]
[White "Crazyhorse"]
[Black "Ledzepp"]
[WhiteElo "1499"]
[BlackElo "1370"]
[Result "1-0"]
[Round "1"]
1.e4 e5
2.Bf1c4 Ng8h6
3.Ng1f3 Bf8d6
4.O-O O-O
5.d3 Nb8c6
6.Bc1xh6 gxh6
7.Nb1c3 Nc6e7
8.Rf1e1 Ne7g6
9.d4 Ng6f4
10.dxe5 Bd6c5
11.Qd1d2 Nf4g6
12.Qd2xh6 c6
13.Nf3g5 Rf8e8
14.Qh6xh7 Kf8
15.Qh7xf7 
1-0

[Event "Match"]
[Site "www.echecsemail.com"]
[Date "2016.06.11"]
[Round "1"]
[White "Mars91"]
[Black "Libiesse"]
[WhiteElo "1789"]
[BlackElo "2080"]
[Result "0-1"]
[Round "1"]
1.Ng1f3 d5
2.b3 f6
3.d4 Nb8d7
4.Bc1b2 c5
5.e3 cxd4
6.exd4 e6
7.Bf1d3 Ng8e7
8.O-O Nd7b6
9.Nb1d2 Ne7c6
10.a3 Bf8d6
11.Rf1e1 O-O
12.c4 Bd6f4
13.c5 Nb6d7
14.b4 a6
15.Qd1c2 Rf8e8
16.Bd3xh7 Kh8
17.Bh7g6 Re8f8
18.g3 Bf4h6
19.Bg6d3 Qd8c7
20.Nf3h4 Rf8f7
21.Bd3g6 Rf7e7
22.Bg6h5 Nd7f8
23.Nh4g6 Nf8xg6
24.Bh5xg6 Bc8d7
25.Nd2b3 Bd7e8
26.Bg6xe8 Ra8xe8
27.Re1e2 e5
28.dxe5 Nc6xe5
29.Bb2xe5 fxe5
30.Ra1e1 Qc7d7
31.f4 e4
32.Qc2d2 g6
33.Re1d1 { time. }
0-1

[Event "Match"]
[Site "www.echecsemail.com"]
[Date "2016.06.11"]
[Round "1"]
[White "Irene"]
[Black "Mars91"]
[WhiteElo "2080"]
[BlackElo "1789"]
[Result "1-0"]
[Round "1"]
1.d4 Ng8f6
2.Nb1c3 d5
3.g3 Bc8f5
4.Bf1g2 e6
5.Ng1f3 Bf8b4
6.Bc1d2 O-O
7.a3 Bb4xc3
8.Bd2xc3 Nb8d7
9.Bc3b4 Rf8e8
10.Nf3e5 Nd7xe5
11.dxe5 Nf6d7
12.f4 c5
13.Bb4d2 Qd8c7
14.e3 Ra8c8
15.Qd1e2 a6
16.O-O-O Bf5g6
17.h4 h6
18.h5 Bg6h7
19.Qe2e1 b5
20.Bd2a5 Qc7a7
21.g4 Nd7b6
22.Ba5xb6 Qa7xb6
23.Qe1g3 b4
24.a4 c4
25.g5 hxg5
26.Qg3xg5 c3
27.h6 Qb6xe3
28.Kb1 Bh7xc2
29.Ka2 b3
30.Ka1 cxb2
{ time. }
1-0

[Event "Match"]
[Site "www.echecsemail.com"]
[Date "2016.06.11"]
[Round "1"]
[White "Bojan"]
[Black "Mitja"]
[WhiteElo "1980"]
[BlackElo "1950"]
[Result "1-0"]
[Round "1"]
1.c4 d5
2.cxd5 Qd8xd5
3.Nb1c3 Qd5d8
4.Ng1f3 e6
5.e4 c6
6.d4 Nb8d7
7.a3 h6
8.b4 Nd7b6
9.Bc1e3 Ng8f6
10.Bf1d3 Nf6g4
11.Be3f4 Bf8e7
12.h3 Ng4f6
13.Ra1c1 Nb6d7
14.Nc3a4 b5
15.Na4c5 Nd7xc5
16.dxc5 Bc8b7
17.O-O a5
18.Qd1c2 axb4
19.axb4 O-O
20.Rf1d1 Qd8c8
21.Nf3h2 Nf6h5
22.Bf4e5 Be7f6
23.Be5d6 Rf8d8
24.Bd3e2 g6
25.Be2xh5 gxh5
26.Rd1d3 e5
27.Qc2e2 Qc8e6
28.Qe2xh5 Bf6g7
29.Nh2g4 Kh7
30.Rc1d1 Bb7c8
31.Rd3f3 Ra8a7
32.Rd1d3 Qe6g6
33.Qh5xg6 fxg6
34.Ng4xe5 Bg7xe5
35.Bd6xe5 Rd8xd3
36.Rf3xd3 Ra7e7
37.f4 g5
38.Rd3d8 Bc8d7
39.Kh2 Bd7e8
40.g3 Kg6
41.Kg2 h5
42.Kf3 gxf4
43.gxf4 Kh6
44.Be5f6 Re7f7
45.e5 Be8d7
46.h4 Bd7f5
47.Rd8d6 Rf7d7
48.e6 Rd7xd6
49.cxd6 Bf5xe6
50.Ke4 Kg6
51.Bf6e7 Be6d7
52.Ke5 Kf7
53.f5 c5
54.bxc5 b4
55.Be7g5 b3
56.Bg5c1 Bd7c6
57.Bc1b2 Bc6d7
58.Kf4 Kf8
59.Kg5 Kf7
60.f6 Bd7e8
61.Kh6 Ke6
62.Kg7 { resign }
1-0

[Event "Match"]
[Site "www.echecsemail.com"]
[Date "2016.06.11"]
[Round "1"]
[White "Matchbox"]
[Black "Wwgia"]
[WhiteElo "1810"]
[BlackElo "2160"]
[Result "0-1"]
[Round "1"]
1.d4 Ng8f6
2.c4 g6
3.Nb1c3 d5
4.Bc1f4 c5
5.e3 cxd4
6.exd4 Bf8g7
7.cxd5 Nf6xd5
8.Bf1b5 Nb8c6
9.Bb5xc6 bxc6
10.Nc3xd5 Qd8xd5
11.Ng1f3 O-O
12.O-O Bc8a6
13.Rf1e1 e6
14.Bf4e5 Rf8d8
15.Be5xg7 Kxg7
16.b3 Ra8b8
17.Qd1c2 Rb8b5
18.Ra1d1 Qd5h5
19.Re1e5 Rb5xe5
20.dxe5 Rd8xd1
21.Qc2xd1 Qh5f5
22.h3 Qf5d3
23.Qd1xd3 Ba6xd3
24.Nf3d2 f6
 { time }
0-1

[Event "Match"]
[Site "www.echecsemail.com"]
[Date "2016.06.11"]
[Round "1"]
[White "Frisker"]
[Black "Wwgia"]
[WhiteElo "1809"]
[BlackElo "1990"]
[Result "1-0"]
[Round "1"]
1.d4 Ng8f6
2.Ng1f3 g6
3.c4 Bf8g7
4.Nb1c3 d5
5.Qd1b3 dxc4
6.Qb3xc4 a6
7.e4 b5
8.Qc4b3 Bc8b7
9.e5 Nf6d5
10.a4 c6
11.Nc3xd5 Qd8xd5
12.Qb3xd5 cxd5
13.axb5 axb5
14.Bf1xb5 Nb8d7
15.Ra1xa8 Bb7xa8
16.Bc1d2 Kd8
17.Nf3g5 { resign }
1-0

[Event "Match"]
[Site "www.echecsemail.com"]
[Date "2016.06.11"]
[Round "1"]
[White "Guidom"]
[Black "Birya"]
[WhiteElo "2040"]
[BlackElo "1809"]
[Result "1-0"]
[Round "1"]
1.e4 c5
2.Ng1f3 e6
3.d4 cxd4
4.Nf3xd4 Nb8c6
5.c3 Ng8f6
6.Bf1d3 Qd8c7
7.Nd4b5 Qc7b8
8.O-O a6
9.Nb5d4 Bf8e7
10.Bc1g5 O-O
11.Nb1d2 d6
12.Kh1 Qb8c7
13.f4 b5
14.Nd4f3 Bc8b7
15.Ra1c1 Ra8c8
16.Qd1e2 h6
17.Bg5h4 Rf8e8
18.Bd3b1 Nf6d7
19.Bh4g3 Nc6a5
20.e5 Na5c4
21.Nd2e4 Bb7xe4
22.Qe2xe4 Nd7f8
23.exd6  { time }
1-0

[Event "Match"]
[Site "www.echecsemail.com"]
[Date "2016.06.11"]
[Round "1"]
[White "Pimpampum"]
[Black "Calponas"]
[WhiteElo "2030"]
[BlackElo "2070"]
[Result "1-0"]
[Round "1"]
1.e4 c5
2.c3 d5
3.Bf1d3 dxe4
4.Bd3xe4 Ng8f6
5.Be4f3 e5
6.Ng1e2 Bf8e7
7.O-O O-O
8.Ne2g3 Qd8d6
9.Qd1b3 Nb8c6
10.Nb1a3 Rf8e8
11.Na3b5 Qd6b8
12.d4 cxd4
13.cxd4 exd4
14.Bf3xc6 bxc6
15.Nb5xd4 Qb8xb3
16.Nd4xb3 Bc8a6
17.Rf1e1 Be7b4
18.Bc1d2 Bb4d6
19.Ng3f5 Bd6f8
20.Ra1c1 Re8xe1
21.Rc1xe1 Ra8d8
22.Bd2e3 Ba6c8
23.Nf5d4 Bc8b7
24.Nb3a5 Rd8b8
25.b3 Bf8b4
26.Na5xc6 Bb7xc6
27.Nd4xc6 Rb8b5
28.Nc6xb4 Rb5xb4
29.Be3xa7 Rb4b7
30.Ba7d4 Rb7b8
31.Bd4xf6 gxf6
32.Re1b1 Kg7
33.b4 { resign }
1-0

[Event "Match"]
[Site "www.echecsemail.com"]
[Date "2016.06.11"]
[Round "1"]
[White "Gambitmiau"]
[Black "Canario"]
[WhiteElo "1820"]
[BlackElo "1830"]
[Result "1-0"]
[Round "1"]
1.e4 e5
2.Ng1f3 Nb8c6
3.Bf1b5 d6
4.Bb5xc6 bxc6
5.h3 Ng8f6
6.d3 Bc8a6
7.Bc1g5 h6
8.Bg5e3 c5
9.Nb1c3 c6
10.O-O Bf8e7
11.Nc3e2 Ba6c8
12.c3 Bc8e6
13.Ne2g3 Qd8d7
14.d4 Be6xh3
15.Ng3f5 Bh3xf5
16.exf5 Qd7xf5
17.dxe5 dxe5
18.Qd1a4 O-O
19.Qa4xc6 e4
20.Nf3d2 Rf8d8
21.f3 Ra8c8
22.fxe4 Qf5xf1
23.Ra1xf1 Rc8xc6
24.Nd2c4 Nf6xe4
25.Nc4e5 Rc6f6
26.Rf1e1 Ne4g3
27.Be3f2 Ng3f5
28.g4 Nf5d6
29.Ne5c6 Rd8e8
30.Nc6xe7 Kf8
31.Bf2xc5 a6
32.Re1e5 Rf6e6
33.Re5xe6 fxe6
34.Bc5xd6 Re8xe7
35.Kf2 Kf7
36.Bd6xe7 Kxe7
37.Kf3 Kd6
38.Ke4 g6
39.b4 h5
40.gxh5 gxh5
41.c4 h4
42.c5 Kc6
43.Kf4 h3
44.Kg3 a5
45.a3 axb4
46.axb4 e5
47.Kxh3 e4
48.Kg3 Kb5
49.Kf4 Kxb4
50.c6 e3
51.Kxe3 { resign }
1-0

[Event "Match"]
[Site "www.echecsemail.com"]
[Date "2016.06.11"]
[Round "1"]
[White "Ericleo1980"]
[Black "Fangshuo"]
[WhiteElo "2130"]
[BlackElo "2140"]
[Result "1-0"]
[Round "1"]
1.d4 Ng8f6
2.c4 e6
3.Ng1f3 Bf8b4
4.Bc1d2 Bb4xd2
5.Qd1xd2 Nf6e4
6.Qd2f4 f5
7.Nb1d2 Ne4xd2
8.Qf4xd2 O-O
9.Qd2f4 Nb8c6
10.a3 Nc6a5
11.Ra1c1 c6
12.b4 Na5b3
13.Rc1b1 a5
14.Rb1xb3 axb4
15.Qf4d6 Qd8a5
16.Qd6xb4 Qa5xb4
17.axb4 Ra8a1
18.Kd2 d5
19.c5 h6
20.h4 f4
21.g3 fxg3
22.fxg3 Rf8f5
23.Bf1g2 Ra1xh1
24.Bg2xh1 g5
25.hxg5 hxg5
26.Nf3e5 Kg7
27.Rb3a3 { resign }
1-0